000 00645nam a2200193 i 4500
001 122298
003 ES-MaACL
005 20231230062958.0
007 t|
008 070523s1920 sp ||||1| spa d
080 _a821.134.2-14 "19"
100 1 _aSainz de Robles, Federico Carlos,
_d1898-1982
_9101593
245 1 3 _aLa soledad recóndita
_b: (poesías) /
_cFederico Carlos Sainz de robles ; prólogo de Manuel Machado.
260 _aMadrid :
_b[s.n.],
_c1920 (
_fTipografía Mora-Zaballos)
300 _a142 p. ;
_c20 cm.
700 1 _aMachado, Manuel,
_d1874-1947
_975161
852 _aES-MaACL
_jG-8978
_bR.142104
999 _c122298
_d122298